000 00614nam a2200229 i 4500
001 C2-0297514
003 PPAK
005 20180728075724.0
008 090519s2000 ii |||| ||||| | tam d
040 _aPPAK
_beng
_cPPAK
_erda
082 0 4 _a894.8111
_223
090 0 0 _a894.8111
_bPON
_dG
100 0 _aPonmani Vairamuthu,
_eauthor
245 1 0 _aMeendum saraswathi
264 1 _aChennai, India :
_bSoorya Publications ,
_c2000
300 _a338 pages ;
_c18 cm
336 _2rdacontent
_atext
337 _2rdamedia
_aunmediated
338 _2rdacarrier
_avolume
650 1 0 _aTamil poetry
942 _ddc
_cB
999 _c101884
_d101884